=LDR 00000nam 2200000 4500 =001 INLIS000000000020929 =005 20130612115833 =008 ***********************************Ind** =035 ##$$0010-061300000020929 =041 ##$$a Ind =082 ##$$a 621.02 =090 ##$$a 621.02, Wir b =100 ##$$a Wirawan, Kusuma =245 ##$$a Bunga rampai mekamika teknik I, Kusuma Wirawan, Mulyadi Natapa Wira =260 ##$$a 1984 $b Bandung =300 ##$$a x, 410 hlm, ilus, 21 cm =650 ##$$a Teknis Mekanis-Bunga Ramapi =850 ##$$a NBPNMAT